[Event "ISL-chT1 1819"]
[Site "Reykjavik"]
[Date "2018.11.11"]
[Round "5.5"]
[White "Thorhallsson, Pall"]
[Black "Torngren, Gustav"]
[Result "0-1"]
[WhiteElo "2065"]
[BlackElo "2090"]
[PlyCount "92"]
[EventDate "2018.11.08"]
[EventType "team-tourn"]
[EventRounds "9"]
[EventCountry "ISL"]
[SourceTitle "CBM 187 Extra"]
[Source "ChessBase"]
[SourceDate "2018.11.04"]
[SourceVersion "1"]
[SourceVersionDate "2018.11.04"]
[SourceQuality "1"]
[WhiteTeam "Breidjablik Bolungavik"]
[BlackTeam "Taflfelag Gardjabaejar"]
[WhiteTeamCountry "ISL"]
[BlackTeamCountry "ISL"]

1. d4 Nf6 2. c4 e6 3. Nf3 c5 4. Nc3 cxd4 5. Nxd4 d6 6. e4 Be7 7. Be2 b6 8. f4 Bb7 9. Bf3 Nbd7 10. e5 Bxf3 11. Qxf3 dxe5 12. Nc6 e4 13. Nxe4 Qc7 14. Nxe7 Kxe7 15. b3 Nxe4 16. Qxe4 f5 17. Ba3+ Kf7 18. Qd4 Rad8 19. Bb2 Nf6 20. Qe3 Ne4 21. 0-0 Qc5 22. Qxc5 bxc5 23. Rad1 Rhg8 24. Ba3 a5 25. Bc1 g6 26. Be3 Ke7 27. g3 h6 28. Kg2 Rd7 29. Rxd7+ Kxd7 30. Rd1+ Kc6 31. Rd3 Ra8 32. a4 Rb8 33. Kf3 Kc7 34. Bc1 Rf8 35. Bb2 Rf7 36. Be5+ Kc8 37. Ke3 Rb7 38. Ke2 g5 39. Ke3 g4 40. Bb2 h5 41. Bc1 h4 42. Ke2 Rh7 43. Bd2 hxg3 44. hxg3 Rh2+ 45. Ke3 Nxg3 46. Rd6 Nf1+ 0-1

[Event "ISL-chT2 1718"]
[Site "Reykjavik"]
[Date "2017.10.21"]
[Round "3.1"]
[White "Thorhallsson, Pall"]
[Black "Sigurdsson, Einar"]
[Result "1/2-1/2"]
[WhiteElo "2052"]
[BlackElo "1794"]
[PlyCount "43"]
[EventDate "2017.10.20"]
[EventType "team-tourn"]
[EventRounds "7"]
[EventCountry "ISL"]
[SourceTitle "CBM 181 Extra"]
[Source "ChessBase"]
[SourceDate "2017.12.12"]
[SourceVersion "1"]
[SourceVersionDate "2017.12.12"]
[SourceQuality "1"]
[WhiteTeam "Reykjanesbaejar"]
[BlackTeam "Hrokar alls Fagnadar"]
[WhiteTeamCountry "ISL"]
[BlackTeamCountry "ISL"]

1. d4 d5 2. c4 e6 3. Nc3 Nf6 4. Nf3 Be7 5. Bg5 0-0 6. e3 h6 7. Bh4 b6 8. Bd3 Bb7 9. 0-0 Nbd7 10. Rc1 c5 11. cxd5 Nxd5 12. Bg3 cxd4 13. exd4 Nxc3 14. Rxc3 Rc8 15. Rxc8 Qxc8 16. Qe2 Qa8 17. Rc1 Rc8 18. Rxc8+ Qxc8 19. Bf4 Nf6 20. h3 Bd5 21. a3 Qb7 22. Ne1 1/2-1/2

[Event "ISL-chT 1617"]
[Site "Reykjavik"]
[Date "2017.03.04"]
[Round "8.2"]
[White "Kristjansson, Olafur"]
[Black "Thorhallsson, Pall"]
[Result "1/2-1/2"]
[WhiteElo "2112"]
[BlackElo "1996"]
[PlyCount "36"]
[EventDate "2016.09.29"]
[EventType "team-tourn"]
[EventRounds "9"]
[EventCountry "ISL"]
[SourceTitle "EXT 2018"]
[Source "ChessBase"]
[SourceDate "2017.10.13"]
[SourceVersion "1"]
[SourceVersionDate "2017.10.13"]
[SourceQuality "1"]
[WhiteTeam "Akureyri"]
[BlackTeam "Reykjanesbaejar"]
[WhiteTeamCountry "ISL"]
[BlackTeamCountry "ISL"]

1. e4 c5 2. Nf3 e6 3. d4 cxd4 4. Nxd4 Nf6 5. Nc3 d6 6. Be2 a6 7. 0-0 Nbd7 8. f4 b5 9. Bf3 Bb7 10. e5 Bxf3 11. Nxf3 Ng4 12. Qe2 Qb6+ 13. Kh1 d5 14. f5 Bc5 15. h3 h5 16. Bf4 Nf2+ 17. Kh2 Ng4+ 18. Kh1 Nf2+ 1/2-1/2

[Event "ISL-chT 1617"]
[Site "Reykjavik"]
[Date "2016.09.30"]
[Round "2.3"]
[White "Baldursson, Haraldur"]
[Black "Thorhallsson, Pall"]
[Result "1/2-1/2"]
[WhiteElo "1957"]
[BlackElo "1996"]
[PlyCount "43"]
[EventDate "2016.09.29"]
[EventType "team-tourn"]
[EventRounds "9"]
[EventCountry "ISL"]
[SourceTitle "EXT 2018"]
[Source "ChessBase"]
[SourceDate "2017.10.13"]
[SourceVersion "1"]
[SourceVersionDate "2017.10.13"]
[SourceQuality "1"]
[WhiteTeam "Vikingaklubburinn"]
[BlackTeam "Reykjanesbaejar"]
[WhiteTeamCountry "ISL"]
[BlackTeamCountry "ISL"]

1. d4 Nf6 2. Nf3 g6 3. Bg5 Bg7 4. e3 d5 5. Bd3 Nbd7 6. c4 dxc4 7. Bxc4 0-0 8. Nc3 c5 9. 0-0 a6 10. a4 cxd4 11. exd4 h6 12. Bh4 Nb6 13. Bb3 Bg4 14. a5 Nbd5 15. h3 Be6 16. Na4 g5 17. Bg3 Qxa5 18. Nc5 Qb6 19. Re1 Bf5 20. Ne5 Rfd8 21. Nc4 Qa7 22. Ne5 1/2-1/2

[Event "ISL-chT2 1516"]
[Site "Reykjavik"]
[Date "2016.03.05"]
[Round "7.1"]
[White "Jonsson, Thorsteinn Emil"]
[Black "Thorhallsson, Pall"]
[Result "0-1"]
[WhiteElo "1120"]
[BlackElo "1996"]
[PlyCount "70"]
[EventDate "2015.09.25"]
[EventType "team-tourn"]
[EventRounds "7"]
[EventCountry "ISL"]
[SourceTitle "EXT 2017"]
[Source "ChessBase"]
[SourceDate "2016.10.25"]
[SourceVersion "1"]
[SourceVersionDate "2016.10.25"]
[SourceQuality "1"]
[WhiteTeam "Haukar"]
[BlackTeam "Reykjanesbaejar"]
[WhiteTeamCountry "ISL"]
[BlackTeamCountry "ISL"]

1. e4 c5 2. Nf3 e6 3. Nc3 a6 4. a3 d5 5. d3 Nc6 6. d4 dxe4 7. Nxe4 cxd4 8. c3 dxc3 9. Qxd8+ Nxd8 10. Nxc3 Bc5 11. Be3 Bxe3 12. fxe3 Nf6 13. Be2 Nc6 14. 0-0 b5 15. b4 Bb7 16. e4 Ke7 17. Rad1 Rac8 18. e5 Nxe5 19. Nxe5 Rxc3 20. Rd3 Rhc8 21. Rxc3 Rxc3 22. a4 Re3 23. Bf3 Bxf3 24. Nxf3 bxa4 25. Ra1 a3 26. Ra2 Nd5 27. Kf2 Rc3 28. Nd4 Nxb4 29. Ra1 a2 30. Ke2 e5 31. Nf5+ Kf6 32. Nd6 Ke6 33. Ne4 Rc2+ 34. Nd2 a5 35. Kd1 a4 0-1

[Event "ISL-chT 1415"]
[Site "Reykjavik"]
[Date "2015.03.21"]
[Round "8.3"]
[White "Thorhallsson, Pall"]
[Black "Runarsson, Gunnar Freyr"]
[Result "1/2-1/2"]
[WhiteElo "2017"]
[BlackElo "2054"]
[PlyCount "74"]
[EventDate "2014.10.02"]
[EventType "team-tourn"]
[EventRounds "9"]
[EventCountry "ISL"]
[SourceTitle "EXT 2016"]
[Source "ChessBase"]
[SourceDate "2015.10.08"]
[SourceVersion "1"]
[SourceVersionDate "2015.10.08"]
[SourceQuality "1"]
[WhiteTeam "Reykjanesbaejar"]
[BlackTeam "Vikingaklubburinn"]
[WhiteTeamCountry "ISL"]
[BlackTeamCountry "ISL"]

1. d4 Nf6 2. c4 c5 3. d5 b5 4. cxb5 a6 5. bxa6 Bxa6 6. g3 d6 7. Bg2 g6 8. Nc3 Bg7 9. Nf3 0-0 10. 0-0 Nbd7 11. Re1 Rb8 12. Qc2 Qb6 13. Rb1 c4 14. Be3 Qc7 15. Bd4 Bb7 16. Nd2 Rbc8 17. a4 Qa5 18. e4 Ng4 19. Bxg7 Kxg7 20. Bf1 Ba6 21. b4 cxb3 22. Nxb3 Qxc3 23. Qxc3+ Rxc3 24. Bxa6 Ra8 25. Bb5 Nde5 26. Rec1 Rxc1+ 27. Rxc1 f5 28. exf5 gxf5 29. f4 Ng6 30. Rc7 Kf6 31. Bc6 Ra6 32. Nd4 Ne3 33. Kf2 Nd1+ 34. Kf3 Nb2 35. Bb5 Ra8 36. Bd7 Nxa4 37. Bxf5 Nb6 1/2-1/2